[Event "87th Spanish Championship 2022"]
[Site "Linares"]
[Date "2022.08.18"]
[Round "9.31"]
[White "Garcia Fernandez, Victor"]
[Black "Castellanos Gomez, Alejandro"]
[Result "1-0"]
[WhiteElo "2158"]
[BlackElo "2266"]
[Annotator "TA"]
[PlyCount "151"]
[EventDate "2022.08.11"]
[EventType "swiss"]
[EventCountry "ESP"]
[SourceTitle "playchess.com"]
[Source "ChessBase"]
[SourceQuality "1"]

1. d4 d5 2. c4 e6 3. Nc3 Nf6 4. cxd5 exd5 5. Bg5 Be7 6. e3 O-O 7. Bd3 c6 8. h3 Re8 9. Bf4 Nbd7 10. Nf3 Nf8 11. Qc2 Ng6 12. Bh2 Bd6 13. Bxd6 Qxd6 14. O-O-O b5 15. Kb1 Rb8 16. g4 Nd7 17. h4 Nb6 18. Rdg1 Nc4 19. Ng5 Qe7 20. Nxh7 Be6 21. g5 b4 22. Na4 b3 23. axb3 Rxb3 24. Bxc4 dxc4 25. h5 Bd5 26. hxg6 Be4 27. Nf6+ gxf6 28. gxf7+ Kxf7 29. Rh7+ Kg6 30. gxf6+ Kxh7 31. fxe7 Bxc2+ 32. Kxc2 Rxe7 33. Nc5 Rb8 34. Rg3 Kh6 35. f4 Rbe8 36. Kd2 Kh5 37. Rg5+ Kh4 38. e4 Rf8 39. Ke3 Rb8 40. Rg2 Kh3 41. Kf3 Rd8 42. Rd2 Rg8 43. e5 Rg3+ 44. Ke4 Kg4 45. f5 Rg1 46. Re2 Rh7 47. e6 Rh2 48. Re3 Rf1 49. e7 Rf4+ 50. Ke5 Rxf5+ 51. Kd6 Rh6+ 52. Re6 Rd5+ 53. Kxc6 Rxc5+ 54. dxc5 Rxe6+ 55. Kd7 Kf5 56. c6 Ke5 57. c7 Rd6+ 58. Ke8 Rc6 59. Kd7 Rd6+ 60. Kc8 Re6 61. Kb8 Rxe7 62. c8=Q Kd5 63. Qd8+ Ke6 64. Qg8+ Rf7 65. Qg6+ Ke7 66. Qe4+ Kd6 67. Qd4+ Ke7 68. Qxa7+ Ke6 69. Qd4 Rf8+ 70. Kb7 Rf7+ 71. Kb6 Rf6 72. Qxc4+ Ke5+ 73. Kc5 Rf8 74. Qe2+ Kf6 75. Qf3+ Ke7 76. Qxf8+ 1-0

[Event "87th Spanish Championship 2022"]
[Site "Linares"]
[Date "2022.08.18"]
[Round "9.32"]
[White "Garcia Garcia, Samuel"]
[Black "Gonzalez Guedes, Iyan"]
[Result "1-0"]
[WhiteElo "2084"]
[BlackElo "2250"]
[Annotator "TA"]
[PlyCount "150"]
[EventDate "2022.08.11"]
[EventType "swiss"]
[EventCountry "ESP"]
[SourceTitle "playchess.com"]
[Source "ChessBase"]
[SourceQuality "1"]

1. d4 Nf6 2. c4 g6 3. Nc3 Bg7 4. e4 d6 5. Be2 O-O 6. Nf3 e5 7. dxe5 dxe5 8. Qxd8 Rxd8 9. Bg5 Re8 10. Nd5 Nxd5 11. cxd5 c6 12. Bc4 cxd5 13. Bxd5 Nd7 14. Nd2 Nc5 15. Nc4 Be6 16. Nd6 Bxd5 17. Nxe8 Bxe4 18. Nxg7 Kxg7 19. O-O Nd3 20. b3 a5 21. Rfd1 Nb4 22. f3 Bf5 23. Bd2 Nc6 24. Bc3 f6 25. Rd6 g5 26. g3 Kf7 27. f4 gxf4 28. gxf4 Ke7 29. fxe5 fxe5 30. Rh6 Rf8 31. Rf1 Bg6 32. Rxf8 Kxf8 33. Kf2 b5 34. a3 b4 35. axb4 axb4 36. Bd2 Kf7 37. h4 Nd4 38. h5 Bc2 39. Bxb4 Nxb3 40. Bc3 Nd4 41. Bxd4 exd4 42. Rd6 Kg7 43. h6+ Kf7 44. Rxd4 Kg6 45. Rh4 Bb1 46. Ke3 Bc2 47. Kf4 Bb1 48. Ke5 Bc2 49. Ke6 Bb3+ 50. Ke7 Bc2 51. Rc4 Bd3 52. Rc6+ Kf5 53. Kf7 Ke5 54. Kg8 Bb1 55. Rc7 Ke6 56. Kg7 Bd3 57. Rc8 Ke7 58. Rc3 Bb1 59. Rc1 Bg6 60. Re1+ Kd7 61. Kf8 Kd6 62. Re7 Bb1 63. Rb7 Bc2 64. Kf7 Ke5 65. Re7+ Kd6 66. Kf6 Bg6 67. Rg7 Bc2 68. Rg2 Bb1 69. Rd2+ Kc6 70. Kf7 Be4 71. Rd1 Bf5 72. Kg8 Be4 73. Re1 Bd3 74. Re7 Kd6 75. Rxh7 Kd5 1-0

[Event "87th Spanish Championship 2022"]
[Site "Linares"]
[Date "2022.08.18"]
[Round "9.33"]
[White "Guerra Bastida, Diego"]
[Black "Gonzalez Castillo, Jose Javier"]
[Result "1/2-1/2"]
[WhiteElo "2242"]
[BlackElo "2009"]
[Annotator "NA RC"]
[PlyCount "82"]
[EventDate "2022.08.11"]
[EventType "swiss"]
[EventCountry "ESP"]
[SourceTitle "playchess.com"]
[Source "ChessBase"]
[SourceQuality "1"]

1. c4 c5 2. Nf3 Nc6 3. d4 cxd4 4. Nxd4 Nf6 5. Nc3 e6 6. a3 Qb6 7. Ndb5 Ne5 8. e3 d6 9. Qd4 Qd8 10. c5 Nc6 11. Nxd6+ Bxd6 12. Qxd6 Qxd6 13. cxd6 Kd7 14. g3 Kxd6 15. Bg2 Bd7 16. O-O a6 17. e4 Rac8 18. f4 Kc7 19. e5 Ne8 20. Be3 Na5 21. Ne4 Nb3 22. Rad1 f5 23. Nd6 Nxd6 24. Rxd6 Bb5 25. Rfd1 Rhe8 26. Rb6 Na5 27. Rc1+ Kb8 28. Rd1 Rc7 29. Rbd6 Nc4 30. Rd8+ Rxd8 31. Rxd8+ Rc8 32. Ba7+ Kc7 33. Rxc8+ Kxc8 34. Bd4 Bc6 35. Bf1 Nd2 36. Be2 Bd5 37. Kf2 Kc7 38. Ke3 Nb3 39. g4 g6 40. g5 b5 41. h4 Kc6 1/2-1/2

[Event "87th Spanish Championship 2022"]
[Site "Linares"]
[Date "2022.08.18"]
[Round "9.34"]
[White "Del Carmen Hernandez, Aimer"]
[Black "Massanet Massanet, Sebastian"]
[Result "1/2-1/2"]
[WhiteElo "2066"]
[BlackElo "2232"]
[Annotator "TA"]
[PlyCount "91"]
[EventDate "2022.08.11"]
[EventType "swiss"]
[EventCountry "ESP"]
[SourceTitle "playchess.com"]
[Source "ChessBase"]
[SourceQuality "1"]

1. d4 Nf6 2. c4 g6 3. Nc3 d5 4. cxd5 Nxd5 5. Bd2 Nb6 6. Nf3 Bg7 7. e3 O-O 8. Be2 Nc6 9. O-O e5 10. Nxe5 Nxe5 11. dxe5 Bxe5 12. f4 Bg7 13. Qc2 Be6 14. Rad1 c6 15. e4 Bd4+ 16. Kh1 Qe7 17. f5 Bc4 18. Bh6 Rfd8 19. Nd5 cxd5 20. Rxd4 Qf6 21. fxg6 Qxg6 22. Be3 Bxe2 23. Qxe2 dxe4 24. Rf4 Rxd4 25. Bxd4 f5 26. g4 Qd6 27. Qf2 e3 28. Bxe3 Qd1+ 29. Kg2 Nd5 30. Rd4 Nxe3+ 31. Qxe3 Qc2+ 32. Kh3 Qc6 33. gxf5 Re8 34. Qg3+ Kf7 35. Rd6 Qb5 36. Qf4 Re5 37. Qd2 Qf1+ 38. Kg3 Qg1+ 39. Kf4 Qc5 40. Rd7+ Re7 41. Rxe7+ Qxe7 42. Qd5+ Kf6 43. Qd4+ Kf7 44. Qd5+ Kf6 45. Qd4+ Kf7 46. Qd5+ 1/2-1/2

[Event "87th Spanish Championship 2022"]
[Site "Linares"]
[Date "2022.08.18"]
[Round "9.35"]
[White "Garcia Escoda, Marc"]
[Black "Suarez Uriel, Adrian"]
[Result "0-1"]
[WhiteElo "2130"]
[BlackElo "2386"]
[Annotator "TA"]
[PlyCount "52"]
[EventDate "2022.08.11"]
[EventType "swiss"]
[EventCountry "ESP"]
[SourceTitle "playchess.com"]
[Source "ChessBase"]
[SourceQuality "1"]

1. e4 c5 2. Nf3 d6 3. Bb5+ Nd7 4. d4 cxd4 5. Qxd4 a6 6. Be2 Ngf6 7. O-O e5 8. Qe3 Nc5 9. Nfd2 Be7 10. c4 O-O 11. Nc3 Ng4 12. Bxg4 Bxg4 13. b4 Nd7 14. Nb3 Rc8 15. Qd3 Be6 16. Nd5 f5 17. Rd1 Nb6 18. Na5 fxe4 19. Qxe4 Nxd5 20. cxd5 Bf5 21. Qe3 Qd7 22. Bb2 h6 23. Qb6 Bd8 24. Qxb7 Bxa5 25. Qxd7 Bxd7 26. bxa5 Rc2 0-1

[Event "87th Spanish Championship 2022"]
[Site "Linares"]
[Date "2022.08.18"]
[Round "9.36"]
[White "Rodriguez Redondo, Adhara"]
[Black "Valmana Canto, Jaime"]
[Result "1-0"]
[WhiteElo "2076"]
[BlackElo "2406"]
[Annotator "TA"]
[PlyCount "61"]
[EventDate "2022.08.11"]
[EventType "swiss"]
[EventCountry "ESP"]
[SourceTitle "playchess.com"]
[Source "ChessBase"]
[SourceQuality "1"]

1. e4 c5 2. Nf3 Nc6 3. d4 cxd4 4. Nxd4 Nf6 5. Nc3 e5 6. Ndb5 d6 7. Bg5 a6 8. Na3 b5 9. Nd5 Be7 10. Bxf6 Bxf6 11. c4 b4 12. Nc2 a5 13. Qf3 Be7 14. Rd1 O-O 15. c5 dxc5 16. Nf6+ Bxf6 17. Rxd8 Rxd8 18. Bc4 Nd4 19. Nxd4 Rxd4 20. Bd5 Ra7 21. O-O c4 22. Rd1 c3 23. bxc3 bxc3 24. Rc1 Rc7 25. h3 c2 26. Qe2 Rxd5 27. exd5 Bf5 28. d6 Rd7 29. g4 Bg5 30. Qxe5 Rd8 31. f4 1-0